| 000 | 01217nam a22004097a 4500 | ||
|---|---|---|---|
| 001 | 0013119 | ||
| 003 | KOHA_MİRAKIL | ||
| 005 | 20260207001909.0 | ||
| 007 | ta | ||
| 008 | 100810b2001 tu |||gr||||#||||0|tur | | ||
| 020 | _a975060072X | ||
| 040 |
_aTR-BiSEU _btur _cTR-BiSEU _erda |
||
| 041 | 0 | _atur | |
| 044 | _ctu | ||
| 050 |
_aQA273.6 _b.E7 2001 |
||
| 100 | 1 | _aSönmez, Harun. | |
| 245 | 1 |
_aİstatistik problemleri ve olasılık dağılımları/ _cHarun Sönmez ; Fikret Er, Harun Sönmez. |
|
| 264 | 1 |
_aEskişehir : _bAnadolu Üniversitesi _c2001 |
|
| 300 | _aX, 64 sayfa; 24 cm. | ||
| 336 |
_ametin _btxt _2rdacontent |
||
| 337 |
_aaracısız _bn _2rdamedia |
||
| 338 |
_acilt _bnc _2rdacarrier |
||
| 490 | 1 | _aT.C. | |
| 490 | 1 |
_aAnadolu Üniversitesi Yayınları ; _vNo. |
|
| 490 | 1 | _a1328. | |
| 490 | 1 |
_aFen Fakültesi Yayınları ; _vNo. |
|
| 490 | 1 | _a21. | |
| 500 | _aKaynakça var. | ||
| 650 | 0 |
_aOlasılık. _97843 |
|
| 650 | 0 |
_aMatematiksel İstatistik. _92611 |
|
| 830 | 1 |
_aT.C. _96297 |
|
| 830 | 1 |
_aAnadolu Üniversitesi Yayınları ; _vNo. _916074 |
|
| 830 | 1 |
_a1328. _930984 |
|
| 830 | 1 |
_aFen Fakültesi Yayınları ; _vNo. _930985 |
|
| 830 | 1 |
_a21. _98445 |
|
| 942 |
_2lcc _cBK |
||
| 999 |
_c13086 _d13086 |
||